Rab Sub Da / (Record no. 614123)

000 -LEADER
fixed length control field 00506nam a22001697a 4500
082 ## - DEWEY DECIMAL CLASSIFICATION NUMBER
Classification number 297.09
Author Mark SUF
100 ## - MAIN ENTRY--PERSONAL NAME
Personal name Jee, Sufi
245 ## - TITLE STATEMENT
Title Rab Sub Da /
Statement of responsibility, etc. Sufi Jee
260 ## - PUBLICATION, DISTRIBUTION, ETC.
Place of publication, distribution, etc. Lahore;
Name of publisher, distributor, etc. Dar ul Shao­or,
Date of publication, distribution, etc. 2018.
300 ## - PHYSICAL DESCRIPTION
Extent 541p. ;
Dimensions 27cm.
563 ## - BINDING INFORMATION
Binding note HB
650 ## - SUBJECT ADDED ENTRY--TOPICAL TERM
Topical term or geographic name entry element Sufi poetry, Punjabi
880 ## - ALTERNATE GRAPHIC REPRESENTATION
Linkage 100-01\(3\r
Title صوفی جی
880 ## - ALTERNATE GRAPHIC REPRESENTATION
Linkage 245-02\(3\r
Title رب سب دا\
b صوفی جی
880 ## - ALTERNATE GRAPHIC REPRESENTATION
Linkage 260-03\(3\r
Title لاہور:
b دارالشعور،
c 2018ء
942 ## - ADDED ENTRY ELEMENTS (KOHA)
Source of classification or shelving scheme
Koha item type Book
650 ## - SUBJECT ADDED ENTRY--TOPICAL TERM
-- 129438
Holdings
Withdrawn status Lost status Source of classification or shelving scheme Damaged status Not for loan Permanent Location Current Location Date acquired Total Checkouts Full call number Barcode Date last seen Price effective from Koha item type
          Central Library (CL) Central Library (CL) 07/08/2025   297.09 SUF CL-D-2922 07/08/2025 07/08/2025 Book
© 2023 Central Library, National University of Sciences and Technology. All Rights Reserved.